| 000 | 00923nam a2200301 a 4500 | ||
|---|---|---|---|
| 001 | 16021 | ||
| 003 | BD-RjUL | ||
| 005 | 20211208235932.0 | ||
| 008 | 140211r19841982njua b 001 0 eng | ||
| 020 | _a0136591930 | ||
| 020 | _a0876923392 | ||
| 035 | _a(BD-RjUL)16076 | ||
| 040 |
_aDLC _cDLC _dEQO _dBD-RjUL _beng |
||
| 041 | _aeng | ||
| 082 | 0 |
_a658.3 _219 _bYOP 1984 |
|
| 100 | 1 |
_aYoder, Dale, _d1901- _98836 |
|
| 245 | 1 | 0 |
_aPersonnel management and industrial relations / _cDale Yoder, Paul D. Staudohar. |
| 250 | _a7th ed. | ||
| 260 |
_aEnglewood Cliffs, N.J. : _bPrentice-Hall, _cc1982, 1984 |
||
| 300 |
_avii, 552 p. : _bill. ; _c25 cm. |
||
| 504 | _aIncludes bibliographical references and indexes. | ||
| 650 | 0 |
_aPersonnel management. _949615 |
|
| 650 | 0 |
_aIndustrial relations. _949616 |
|
| 700 | 1 |
_aStaudohar, Paul D. _9232025 |
|
| 942 |
_2ddc _cBK |
||
| 999 |
_c16021 _d16021 |
||